| 000 | 00000nas 2200000za 4500 |
| 001 | 9.846379 |
| 003 | CaOODSP |
| 005 | 20221107153205 |
| 007 | cr ||||||||||| |
| 008 | 171031d18771879oncar pso f0###a0eng|d |
| 040 | |aCaOODSP|beng |
| 043 | |an-cn--- |
| 086 | 1 |aR1-89E-PDF |
| 110 | 1 |aCanada.|bSecretary of State.|bIndian Branch. |
| 245 | 10|aReport of the Deputy Superintendent General of Indian Affairs |h[electronic resource]. |
| 260 | |aOttawa : |b[Department of the Interior, Indian Branch, |c1877-1879] |
| 310 | |aAnnual |
| 362 | 0 |a1877-1879. |
| 500 | |aTranscript of original print publication. |
| 500 | |aCover title. |
| 692 | 07|2gccst|aAboriginal affairs |
| 780 | 00|tAnnual report of the Department of the Interior for the year ended 30th June, ... |w(CaOODSP)9.846378 |
| 785 | 00|tAnnual report of the Department of Indian Affairs for the year ended 31st December, ... |w(CaOODSP)9.846380 |